| 000 | 00545nam a2200217Ia 4500 | ||
|---|---|---|---|
| 003 | 0100 | ||
| 008 | 130227s9999 xx 000 0 und d | ||
| 040 | _cARRUPELIB | ||
| 050 | _aLC268.I8313 1984 | ||
| 100 | _aIsaacs, David | ||
| 245 | _aCharacter building | ||
| 245 | _ba guide for parents and teachers | ||
| 260 | _aDublin | ||
| 260 | _bFour Courts Press | ||
| 260 | _C1984 | ||
| 300 | _a262p. | ||
| 300 | _b 22cm. | ||
| 650 | _bScience- Philosophy- Encyclopedias | ||
| 650 | _cScience- Philosophy- Terminology | ||
| 942 |
_2lcc _02 |
||
| 999 |
_c2636 _d2636 |
||